|
|
|
|
| LEADER |
00000caa a2200000 c 4500 |
| 001 |
1152486683 |
| 003 |
DE-627 |
| 005 |
20240619173732.0 |
| 007 |
tu |
| 008 |
991220s1999 xx ||||| 00| ||ger c |
| 020 |
|
|
|a 393098248X
|
| 035 |
|
|
|a (DE-627)1152486683
|
| 035 |
|
|
|a (DE-576)082486689
|
| 035 |
|
|
|a (DE-599)BSZ082486689
|
| 040 |
|
|
|a DE-627
|b ger
|c DE-627
|e rda
|
| 041 |
|
|
|a ger
|
| 100 |
1 |
|
|a Schneider, Hans
|e VerfasserIn
|0 (DE-627)1232947768
|0 (DE-576)162947763
|4 aut
|
| 109 |
|
|
|a Schneider, Hans
|a Schneider, H.
|
| 245 |
1 |
0 |
|a Tatort Gericht oder "Es kommt darauf an, ob man ein Konto mit dem Opfer begleichen will ..."
|c Hans Schneider
|
| 264 |
|
1 |
|c 1999
|
| 336 |
|
|
|a Text
|b txt
|2 rdacontent
|
| 337 |
|
|
|a ohne Hilfsmittel zu benutzen
|b n
|2 rdamedia
|
| 338 |
|
|
|a Band
|b nc
|2 rdacarrier
|
| 773 |
0 |
8 |
|i Enthalten in
|t Fühlende und denkende Kriminalwissenschaften
|d Mönchengladbach : Forum-Verlag Godesberg, 1999
|g (1999), Seite 193 - 205
|h XIV, 598 S.
|w (DE-627)303689854
|w (DE-576)081675577
|z 393098248X
|7 nnam
|
| 773 |
1 |
8 |
|g year:1999
|g pages:193 - 205
|
| 889 |
|
|
|w (DE-576)455921083
|
| 889 |
|
|
|w (DE-627)890114579
|
| 935 |
|
|
|i mdedup
|
| 951 |
|
|
|a AR
|
| ELC |
|
|
|b 1
|
| LOK |
|
|
|0 000 xxxxxcx a22 zn 4500
|
| LOK |
|
|
|0 001 2899399284
|
| LOK |
|
|
|0 003 DE-627
|
| LOK |
|
|
|0 004 1152486683
|
| LOK |
|
|
|0 005 20260109155645
|
| LOK |
|
|
|0 008 160208||||||||||||||||ger|||||||
|
| LOK |
|
|
|0 040
|a DE-21-110
|c DE-627
|d DE-21-110
|
| LOK |
|
|
|0 689
|a s
|a Gewalt im Gericht
|
| LOK |
|
|
|0 689
|a s
|a Mord im Gerichtssaal
|
| LOK |
|
|
|0 852
|a DE-21-110
|
| LOK |
|
|
|0 852 1
|m p
|9 00
|
| LOK |
|
|
|0 935
|a k110
|
| LOK |
|
|
|0 938
|k p
|
| LOK |
|
|
|0 939
|a 08-02-16
|b l01
|
| ORI |
|
|
|a SA-MARC-krimdoka001.raw
|